000 00608nam a2200241Ia 4500
003 OSt
005 20221007110355.0
006 a|||||r|||| 00| 0
007 ta
008 221006b |||||||| |||| 00| 0 eng d
024 _a21,000
037 _cTextual
040 _aLCO
_cLCO
_beng
041 _2eng
_aeng
082 _aZk, L3
100 _aMitra Shambhudas
245 0 _aLegal and Commercial Dictionary
260 _aCalcutta
_bEastern Law House India
_c1973
300 _a595
650 _aDICTIONARY
942 _hZk, L3
_cTEXL
999 _c1190563
_d1190563